000 00191nam a22000857a 4500
008 161124b xxu||||| |||| 00| 0 eng d
100 _91407
_aRoddy.H.
245 _aMath-3
260 _aUSA
_bTCR
_c2011
999 _c4122
_d4122